Southville International School and Colleges
Your cart is empty.
  • Cart
  • Lists
    Public lists list_1 View all
    Your lists Log in to create your own lists
  • Log in to your account
  • Your cookies
  • Search history
Southville International School and Colleges
  • Advanced search
  • Recent comments
  • Most popular
  • Libraries

Log in to your account

Log in with GOOGLE


If you do not have an external account, but do have a local account, you can still log in:

  1. Home
  2. MARC view: Economics : 
Normal view MARC view ISBD view

Economics :  (Record no. 288220)

[ view plain ]
MARC details
000 -LEADER
fixed length control field 00488nam a2200157Ia 4500
008 - FIXED-LENGTH DATA ELEMENTS--GENERAL INFORMATION
fixed length control field 150610s9999 xx 000 0 und d
020 ## - INTERNATIONAL STANDARD BOOK NUMBER
International Standard Book Number 9780199134137
050 ## - LIBRARY OF CONGRESS CALL NUMBER
Classification number HB 171.5
Item number .M938 2000 
100 ## - MAIN ENTRY--PERSONAL NAME
Personal name Moynihan, Dan
245 ## - TITLE STATEMENT
Title Economics : 
Remainder of title a complete course / 
Statement of responsibility, etc Dan Moynihan, Brian Titley.
250 ## - EDITION STATEMENT
Edition statement 3rd ed.
260 ## - PUBLICATION, DISTRIBUTION, ETC. (IMPRINT)
Place of publication, distribution, etc New York :
Name of publisher, distributor, etc Oxford University Press,
Date of publication, distribution, etc 2000.
300 ## - PHYSICAL DESCRIPTION
Extent 439pages :
Other physical details illustrations ;
Dimensions 26 cm.
504 ## - BIBLIOGRAPHY, ETC. NOTE
Bibliography, etc Includes index.
520 ## - SUMMARY, ETC.
Summary, etc Economics.
Holdings
Withdrawn status Lost status Damaged status Home library Current library Shelving location Date acquired Total Checkouts Full call number Barcode Date last seen Price effective from Koha item type
      Stonyhurst Southville International School (Batangas) Stonyhurst Southville International School (Batangas)   06/10/2015   HB 171.5 .M938 2000  US-2107 06/10/2015 06/10/2015 Books

Economics : 

APA

Moynihan D., . (2000). Economics. New York: Oxford University Press.

Chicago

Moynihan Dan, . 2000. Economics. New York: Oxford University Press.

Harvard

Moynihan D., . (2000). Economics. New York: Oxford University Press.

MLA

Moynihan Dan, . Economics. New York: Oxford University Press. 2000.

  • Place hold
  • Print
  • Cite
  • Add to your cart (remove)
  • Save record
    BIBTEX Dublin Core MARCXML MARC (non-Unicode/MARC-8) MARC (Unicode/UTF-8) MARC (Unicode/UTF-8, Standard) MODS (XML) RIS
  • More searches
    Search for this title in:
    Other Libraries (WorldCat) Other Databases (Google Scholar) Online Stores (Bookfinder.com) Open Library (openlibrary.org)

Exporting to Dublin Core...

SOUTHVILLE LIBRARY

Southville International School and Colleges Library

1281 Tropical Ave. Cor. Luxembourg St., BF Homes International, Las Pinas City

Tel. No. 8256374 / 252358 Loc. 117/146

Powered by Koha